Shop rental growth assessments (Record no. 74076)

MARC details
000 -LEADER
fixed length control field 01694cab a2200241 4500
001 - CONTROL NUMBER
control field ABS67420
008 - FIXED-LENGTH DATA ELEMENTS--GENERAL INFORMATION
fixed length control field 040126n2003 000 0 eng u
035 ## - SYSTEM CONTROL NUMBER
System control number (Sirsi) u124910
100 ## - MAIN ENTRY--PERSONAL NAME
Personal name Camerer Cuss, E.
245 ## - TITLE STATEMENT
Title Shop rental growth assessments
260 ## - PUBLICATION, DISTRIBUTION, ETC.
Date of publication, distribution, etc. 2003
490 ## - SERIES STATEMENT
Series statement Journal of Retail and Leisure Property
Volume/sequential designation 3(3) December 2003, 275-284(10)
520 ## - SUMMARY, ETC.
Summary, etc. Contends that investors and valuers are relying unduly on retail market data of limited usefulness and low predictive power, affecting their ability to assess rental growth rates for individual retail properties. Looks at the special relationship of retail property to location choices, the unusual interaction between supply and demand in the town-centre retail sector as they affect rent levels and the retail location issue from the investors' perspective. Argues that the links between rental growth, town size and wealth are, unsurprisingly, rather weak, given the fragility of the data upon which they are based. Reviews new approaches to collating and monitoring effective retail demand levels. Asks how the investor or valuer is to choose rental growth rates and whether their rental growth assessments are efficient. Figures cover shop rental growth and centre size, shop rental growth and wealth, sales growth and the annualised shop rental growth range 1999-02
590 ## - LOCAL NOTE (RLIN)
Local note ABS
650 ## - SUBJECT ADDED ENTRY--TOPICAL TERM
Topical term or geographic name entry element RENTAL GROWTH
650 ## - SUBJECT ADDED ENTRY--TOPICAL TERM
Topical term or geographic name entry element PROPERTY-COMMERCIAL PROPERTY-RETAIL PROPERTY-RETAIL PROPERTY MARKET
650 ## - SUBJECT ADDED ENTRY--TOPICAL TERM
Topical term or geographic name entry element TOWN CENTRE RETAIL
650 ## - SUBJECT ADDED ENTRY--TOPICAL TERM
Topical term or geographic name entry element RETAIL RENTS
650 ## - SUBJECT ADDED ENTRY--TOPICAL TERM
Topical term or geographic name entry element RETAIL PROPERTY DEMAND
650 ## - SUBJECT ADDED ENTRY--TOPICAL TERM
Topical term or geographic name entry element RENTAL GROWTH FORECASTS
690 ## - LOCAL SUBJECT ADDED ENTRY--TOPICAL TERM (OCLC, RLIN)
Topical term or geographic name as entry element PROPERTY-COMMERCIAL PROPERTY-RETAIL PROPERTY
942 ## - ADDED ENTRY ELEMENTS (KOHA)
Suppress in OPAC 0
Holdings
Withdrawn status Lost status Source of classification or shelving scheme Damaged status Not for loan Home library Current library Shelving location Date acquired Total Checkouts Full call number Barcode Date last seen Copy number Price effective from Koha item type
    Dewey Decimal Classification     London London Journal article 26/01/2004   ABS67420 124910-1001 06/08/2019 1 06/08/2019 Journal article